书目信息 |
| 题名: |
育儿难题解
|
|
| 作者: | 王廷淑 , 王静 主编 | |
| 分册: | ||
| 出版信息: | 北京 中国农业出版社 1999 |
|
| 页数: | 11,236页 | |
| 开本: | 19cm | |
| 丛书名: | ||
| 单 册: | ||
| 中图分类: | R174 | |
| 科图分类: | ||
| 主题词: | 儿童--保健--基本知识 , 儿童 , 保健 | |
| 电子资源: | ||
| ISBN: | 7-109-03820-3 | |
| 000 | 00812nam0 2200265 45 | |
| 001 | 01200620003 | |
| 005 | 20070106144359.17 | |
| 010 | @a7-109-03820-3@dCNY9.50 | |
| 092 | @aCN@b501495 | |
| 100 | @a20060809d1999 em y0chiy0120 ea | |
| 101 | 0 | @achi |
| 102 | @aCN@b110000 | |
| 105 | @ay z 000yy | |
| 200 | 1 | @a育儿难题解@Ayu er nan ti jie@f王廷淑,王静主编@Fwang ting shu, wang jing zhu bian |
| 210 | @a北京@c中国农业出版社@d1999 | |
| 215 | @a11,236页@d19cm | |
| 330 | @a本书主要内容包括怎样加强儿童心理保健?怎样培训孩子的意志力?不同年龄的孩子如何交往等问题。 | |
| 606 | 0 | @a儿童@x保健@x基本知识 |
| 606 | 0 | @a儿童 |
| 606 | 0 | @a保健 |
| 690 | @aR174@v4 | |
| 701 | 0 | @a王廷淑@Awang ting shu@4主编 |
| 701 | 0 | @a王静@Awang jing@4主编 |
| 801 | 0 | @aCN@bLZJBOOK@c20070106 |
| 905 | @a10447@dR174@e134 | |
| 育儿难题解/王廷淑,王静主编.-北京:中国农业出版社,1999 |
| 11,236页;19cm |
| ISBN 7-109-03820-3:CNY9.50 |
| 本书主要内容包括怎样加强儿童心理保健?怎样培训孩子的意志力?不同年龄的孩子如何交往等问题。 |
| ● |
| 相关链接 |
|
|
|
|
正题名:育儿难题解
索取号:R174/134
 
预约/预借
| 序号 | 登录号 | 条形码 | 馆藏地/架位号 | 状态 | 备注 |
| 1 | 0559524 | 205595248 | 第二样本阅览室/ [索取号:R174/134] | 在馆 | |
| 2 | 0559525 | 205595257 | 教育系资料室/ [索取号:R174/134] | 在馆 | |
| 3 | 0559526 | 205595266 | 教育系资料室/ [索取号:R174/134] | 在馆 | |
| 4 | 0559527 | 205595275 | 教育系资料室/ [索取号:R174/134] | 在馆 | |
| 5 | 0559528 | 205595284 | 第三借阅区/ [索取号:R174/134] | 在馆 | |
| 6 | 0559529 | 205595293 | 教育系资料室/ [索取号:R174/134] | 在馆 | |
| 7 | 0559530 | 205595300 | 第三借阅区/ [索取号:R174/134] | 在馆 | |
| 8 | 0559531 | 205595319 | 第三借阅区/ [索取号:R174/134] | 在馆 |